000 00672nam a2200205Ia 4500
003 GCL
008 140319s9999 xx 000 0 ara d
040 _aGCL /
_cGCL
082 0 4 _a414
_bج ك
100 1 _aمحمود محمد شاكر
245 1 0 _aكتاب اسرار البلاغة /
_cمحمود محمد شاكر
700 1 _aالجرجانى, ابو بكر عبد القاهر ب
260 _a[S.N] :
_bدار المدنى للطباعة والنشر والثقافة ،
_c1991
300 _a548 ص
490 _a
650 0 4 _aالادب العربى
650 0 4 _aاللغة العربية
650 0 4 _aالبلاغة العربية
942 _2ddc
_cBK
999 _c37156
_d37156